000 01314nam1a2200289 i 4500
001 RU\NLR\bibl\1780850
005 20260408192753.0
035 _a(NLR Aleph) 001771605
090 _a1641360
_c1641360
100 _a20110617d20109999u y0rusy50 ca
101 0 _arus
102 _aRU
105 _a||||z |||||
200 1 _aКультура и пространство
_e[сборник статей]
_fИн-т этнологии и антропологии РАН им. Н.Н. Миклухо-Маклая
_gпод ред. В.К. Мальковой и В.А. Тишкова
210 _aМосква
_cИнститут этнологии и антропологии РАН
_d2010
215 _d21
463 0 _10011527003
606 _aКраеведение историческое
_jСборники
_yРоссия
_92179349
_3RU\NLR\auth\661310652
686 _aТ3(2)я43
702 1 _aМалькова
_bВ. К.
_gВера Константиновна
_4340
712 0 2 _4570
_aИнститут этнологии и антропологии им. Н. Н. Миклухо-Маклая
_cМосква
_9290397
_3RU\NLR\AUTH\888945
801 0 _aRU
_bNLR
_c20110617
_gRCR
801 1 _aRU
_bNLR
_c20110617
830 _aред. раскрыт по ЭК
852 _aNLR
_j2010-3/21647
942 _cBOOK